000
00312nam a22001337a 4500
008
170615b xxu||||| |||| 00| 0 eng d
020
_a
9781568028323
041
_a
eng
080
_a
32
100
_a
19
101
_a
SHP
245
_a
AMERICAN FOREIGN POLICY AND POLITICAL AMBITION
_c
RAY,J.L
942
_2
udc
_c
BK
999
_c
17635
_d
17635